Estatísticas para Quiz da Colômbia

Clique aqui para jogar o quiz

Estatísticas Gerais

  • Esse quiz foi jogado 4 253 vezes
  • A pontuação média é 13 de 17

Estatísticas das Respostas

DicaResposta% Correto
Língua oficialEspanhol
99%
Países fazendo fronteira com
a Colômbia
Brasil
98%
Países fazendo fronteira com
a Colômbia
Venezuela
97%
Países fazendo fronteira com
a Colômbia
Equador
96%
Países fazendo fronteira com
a Colômbia
Peru
96%
CapitalBogotá
93%
Moeda oficialPeso
93%
Cantora de pop famosaShakira
90%
Narcotraficante famoso da cidade acimaPablo Escobar
85%
Países fazendo fronteira com
a Colômbia
Panamá
83%
Segunda maior cidadeMedellín
66%
Mar no norte da ColômbiaCaribe
60%
Primeiro presidente daquele país,
conhecido como "O Liberador"
Simón Bolívar
47%
A Colômbia recebe mais disso do
que qualquer outro país do mundo,
324 cm por ano
Chuva
45%
País histórico (1819-1830) fazendo
parte a Colômbia e países vizinhos
{Grã}-Colômbia
45%
Terceira maior cidadeCáli
42%
Ganhador do Prêmio Nobel e autor de
"Cem Anos de Solidão"
Gabriel García
Márquez
30%

Distribuição das Pontuações

Percentil de Números Respondidos

Porcentagem de Pessoas com Cada Pontuação

Sua Pontuação Histórica

Você não jogou esse quiz